00314nam a22000977a 4500008004100000082001200041245007100053260007600124300001000200440000600210230606b xxu||||| |||| 00| 0 eng d a341.249 aKonrad Adenauer Stiftung bLibrairie Africaine D'etudes Juridiques aNairobi,KenyabRule of Law Program for Sub-Saharan AfricacOctober,2011 aI,91p v7